Caracterización estructural y funcional de los ecosistemas asociados al proyecto "café de conservación" en el norte del Valle del Cauca (Registro nro. 5494)

Detalles MARC
000 -CABECERA
Campo de control 00699nam a2200205 a 4500
005 - FECHA Y HORA DE LA ULTIMA TRANSACCION
Campo de control 20140516020002.0
008 - ELEMENTOS DE LONGITUD FIJA—INFORMACION GENERAL
Campo de control 131118b xxu||||| |||| 00| 0 spa d
020 ## - ISBN
ISBN 9789588151809
041 ## - IDIOMA
Código de idioma para texto/pista de sonido o título separado Español
090 ## - CLASIFICACIÓN LOCAL
Colección IAVH
Consecutivo 00589
100 ## - ASIENTO PRINCIPAL--NOMBRE PERSONAL
Nombre personal Rodríguez Eraso, Nelly
245 ## - MENCION DE TITULO
Título Caracterización estructural y funcional de los ecosistemas asociados al proyecto "café de conservación" en el norte del Valle del Cauca
260 ## - PUBLICACION, DISTRIBUCION, ETC. (PIE DE IMPRENTA)
Lugar de publicación, distribución, etc. Bogotá
Nombre del editor, distribuidor, etc. Instituto Alexander von Humboldt
Fecha de publicación, distribución, etc. 2006
300 ## - DESCRIPCION FISICA
Extensión 60 p.
700 ## - ASIENTO SECUNDARIO - NOMBRE PERSONAL
Nombre personal Otero García, Javier
700 ## - ASIENTO SECUNDARIO - NOMBRE PERSONAL
Nombre personal Rincón Ruíz, Alexander
700 ## - ASIENTO SECUNDARIO - NOMBRE PERSONAL
Nombre personal Rodríguez Cajamarca, Juliana
942 ## - ELEMENTOS ADICIONALES (KOHA)
Tipo de ítem CD-ROM
Sistema de clasificación Dewey Decimal Classification
Koha issues (borrowed), all copies 1
945 ## - PROCESAMIENTO LOCAL
AAAA-MM-DD - Fecha de ingreso o modificacion 2007-05-07
Existencias
Withdrawn status Lost status Sistema de Clasificación Damaged status No para préstamo Colección Ubicación Permanente Ubicación actual Fecha de adquisición Fuente de Valor Total Checkouts Número topográfico Inventario / Código de Barras Date last seen Ejemplar Price effective from Forma de adquisición Tipo de material Inventariado Valor Date checked out
    Dewey Decimal Classification     Humboldt Bogotá Bogotá 07/05/2007 Instituto 1 IAVH-633.73 R69c 024024 22/05/2014 Ej. 1 04/12/2012 Institucional Libro Inventariado 2017 30000.00 15/05/2014
    Dewey Decimal Classification     Humboldt Bogotá Bogotá 07/05/2007 Instituto   IAVH-633.73 R69c 029227 04/12/2012 Ej. 2 04/12/2012 Institucional Libro Inventariado 2017 30000.00  
    Dewey Decimal Classification     Humboldt Bogotá Bogotá 18/11/2013 Instituto   IAVH-633.73 R69c 028800 18/11/2013 Ej. 3 18/11/2013 Institucional Libro Inventariado 2017 30000.00  
    Dewey Decimal Classification     Humboldt Sala Fabio Quevedo Sala Fabio Quevedo 18/07/2014 Instituto   IAVH-633.73 R69c 024023 04/12/2012 Ej. 4 04/12/2012   Libro Inventariado 2017 30000.00  
    Dewey Decimal Classification     Humboldt Sala Fabio Quevedo Sala Fabio Quevedo 29/10/2014 Instituto   IAVH-633.73 R69c 025152 29/10/2014 Ej. 5 29/10/2014   Libro Inventariado 2017 30000.00  
    Local     Referencia Villa de Leyva Villa de Leyva 07/05/2007 CID HUmboldt   IAVH-00589 024022 04/12/2012 Ej. 1 04/12/2012   Libro